Visualizzazione normale
Vista MARC
- Cajkovskij Petr Llijch
di Personal Name
Records bibliografici associati: 1
001 - CONTROL NUMBER
- control field: 22084
003 - CONTROL NUMBER IDENTIFIER
- control field: IT-RoPau
005 - DATE AND TIME OF LATEST TRANSACTION
- control field: 20140425221051.0
008 - FIXED-LENGTH DATA ELEMENTS
- fixed length control field: 140425|| aca||aabn | a|a d
040 ## - CATALOGING SOURCE
- Original cataloging agency: IT-RoPau
- Transcribing agency: IT-RoPau
100 ## - HEADING--PERSONAL NAME
- Personal name: Cajkovskij Petr Llijch
- Dates associated with a name: Codice autore musica SPICS: 10808
- Relator term: Autore musica
- Name of part/section of a work: Marcia slava, op. 31 - La bella addormentata op 66: valzer
670 ## - SOURCE DATA FOUND
- Source citation: Work cat.: (IT-RoPau)103351: AA.VV. 794, Festival di musica classico-leggera, vol. 03